000
00270nam a2200121Ia 4500
008
190216s9999||||xx |||||||||||||| ||und||
100
_a
Sarivasthava H S
245
0
_a
Plant Physiology
260
_b
Rasthogi Pub
_c
1998
300
_a
485p
650
_a
Botany
942
_c
BK
999
_c
1476
_d
1476